header

Negation and clausal structure (Record no. 4189)

MARC details
000 -LEADER
fixed length control field 01506nam a2200373Ia 4500
082 04 - DEWEY DECIMAL CLASSIFICATION NUMBER
Classification number 440
100 1# - MAIN ENTRY--AUTHOR NAME
Personal name Zanuttini, Raffaella.
245 10 - TITLE STATEMENT
Title Negation and clausal structure
260 ## - PUBLICATION, DISTRIBUTION, ETC. (IMPRINT)
Place of publication New York :
Name of publisher Oxford University Press,
Year of publication 1997.
300 ## - PHYSICAL DESCRIPTION
Number of Pages xiv, 201 p. :
Other physical details ill.
490 1# - SERIES STATEMENT
Series statement Oxford studies in comparative syntax
650 #0 - SUBJECT ADDED ENTRY--TOPICAL TERM
Topical Term Romance languages
Topical Term Romance languages
Topical Term Romance languages
Topical Term Italian language
856 40 - ELECTRONIC LOCATION AND ACCESS
Uniform Resource Identifier http://site.ebrary.com/lib/rucke/Doc?id=10278097

No items available.

© 2026 Rongo University
Contact us: librarian | system librarian | Rongo university